| 000 | 01026nam a2200289Ia 4500 | ||
|---|---|---|---|
| 005 | 20220316235342.0 | ||
| 008 | 121119s2003 ck a gr 000 j spa | ||
| 020 | _a9583006408 | ||
| 041 | 1 | _aspa | |
| 100 | 1 | _aPoe, Edgar Allan, | |
| 245 | 1 | 0 |
_aNarraciones extraordinarias _cEdgar Allan Poe ; traducción, Juliana Borrero ; ilustraciones, Marcela Quintero Angarita |
| 250 | _aQuinta reimpresión | ||
| 264 | 1 |
_aBogotá _bPanamericana _c2003 |
|
| 300 |
_a316 páginas _bilustraciones |
||
| 336 |
_atexto _btxt _2rdacontent |
||
| 337 |
_asin mediación _bn _2rdamedia |
||
| 338 |
_avolumen _bnc _2rdacarrier |
||
| 490 | 0 | _aLiteratura juvenil | |
| 650 | 1 | 4 |
_2LEMB _aCuentos estadounidenses _ySiglo XIX |
| 650 | 1 | 4 |
_2LEMB _aCuentos de terror estadounidenses _ySiglo XIX |
| 650 | 1 | 4 |
_2LEMB _aLiteratura estadounidense |
| 700 | 1 |
_aBorrero Echeverry, Juliana _etraductor _9118136 |
|
| 700 | 1 |
_aQuintero Angarita, Marcela _eilustrador _9118137 |
|
| 942 |
_2loc _cBKLIT |
||
| 040 |
_aCO-BoRNBP _bspa _erda _cCO-BoRNBP |
||
| 084 | _aC POE4 | ||
| 999 |
_c696 _d696 |
||